Новая управляемая система для роторного бурения скважин малого диаметра; Нефтегазовые технологии; № 2

Detalles Bibliográficos
Parent link:Нефтегазовые технологии: научно-технический журнал/ World Oil ; Pipe Line Industry ; Gulf Publishing Company.— , 1994-.— 0202-4578
№ 2.— 2003.— С. 31-33
Autor Principal: Оуэнс Х.
Outros autores: Каррингтон Д. (переводчик), Даунтон Г., Моцохейн Б.
Idioma:ruso
Publicado: 2003
Series:Нефть мира
Subjects:
Formato: MixedMaterials Capítulo de libro
KOHA link:https://koha.lib.tpu.ru/cgi-bin/koha/opac-detail.pl?biblionumber=386286

MARC

LEADER 00000naa2a2200000 4500
001 386286
005 20231101063448.0
035 |a (RuTPU)RU\TPU\prd\14939 
090 |a 386286 
100 |a 20030609a2003 k y0rusy50 ca 
101 0 |a rus 
102 |a RU 
200 1 |a Новая управляемая система для роторного бурения скважин малого диаметра  |f Х. Оуэнс, Д. Каррингтон, Г. Даунтон  |g Пер. Б. Моцохейн 
225 1 |a Нефть мира 
461 1 |0 (RuTPU)RU\TPU\prd\1175  |x 0202-4578  |t Нефтегазовые технологии  |o научно-технический журнал  |f World Oil ; Pipe Line Industry ; Gulf Publishing Company  |d 1994- 
463 1 |0 (RuTPU)RU\TPU\prd\14825  |t № 2  |v С. 31-33  |d 2003 
610 1 |a роторное бурение 
610 1 |a скважины 
610 1 |a малый диаметр 
610 1 |a наземное бурение 
610 1 |a управляемая система 
700 1 |a Оуэнс  |b Х. 
701 1 |a Каррингтон  |b Д. 
701 1 |a Даунтон  |b Г. 
702 1 |a Моцохейн  |b Б.  |4 730 
801 1 |a RU  |b 63413507  |c 20030609  |g PSBO 
801 2 |a RU  |b 63413507  |c 20120113  |g RCR 
942 |c BK